[Event "Zt (w)"]
[Site "masterchessopen.com Beijing (China)"]
[Date "2005.10.22"]
[Round "3"]
[White "Li Ruofan (SIN)"]
[Black "Zhao Xue (CHN)"]
[Result "0-1"]
[WhiteElo "2398"]
[BlackElo "2478"]

1.d4 Nf6 2.c4 e6 3.Nc3 Bb4 4.e3 O-O 5.a3 Bxc3+ 6.bxc3 c5 7.Bd3 Nc6 8.Ne2 e5
9.O-O Re8 10.f3 cxd4 11.cxd4 d5 12.cxd5 Nxd5 13.dxe5 Nxe5 14.Bb5 Nc6 15.Kh1
Qf6 16.Bb2 Qxb2 17.Qxd5 Re5 18.Rab1 Qxb1 {#R} 0-1

[Event "Zt (w)"]
[Site "masterchessopen.com Beijing (China)"]
[Date "2005.10.24"]
[Round "8"]
[White "Li Ruofan (SIN)"]
[Black "Hou Yifan (CHN)"]
[Result "1-0"]
[WhiteElo "2398"]
[BlackElo "2220"]

1.d4 Nf6 2.c4 e6 3.Nc3 Bb4 4.e3 O-O 5.a3 Bxc3+ 6.bxc3 c5 7.Bd3 Nc6 8.Ne2 b6
9.e4 Ne8 10.O-O Ba6 11.f4 f5 12.d5 Na5 13.e5 Bxc4 14.Bxc4 Nxc4 15.Qd3 Na5
16.d6 Qc8 17.Be3 g6 18.c4 Ng7 19.Rfb1 Qc6 20.Bd2 Qa4 21.Bxa5 Qxa5 22.Rb5 Qa6
23.a4 Qb7 24.a5 Qe4 25.Qxe4 fxe4 26.g4 h5 27.h3 Rab8 28.Kf2 g5 29.Ke3 Kh7
30.Kxe4 Kg6 31.axb6 axb6 32.Rg1 h4 33.Rbb1 Rf7 34.Rgf1 Ra8 35.Ra1 Raf8 36.Rf3
Rb8 37.fxg5 Rxf3 38.Kxf3 b5 39.cxb5 Rxb5 40.Ra7 Rb3+ 41.Ke4 Rb4+ 42.Ke3 Rb3+
43.Kf2 Kxg5 44.Rxd7 Nf5 45.gxf5 Kxf5 46.Rc7 Rxh3 47.Nd4+ Ke4 48.d7 Rh2+ 49.Kg1
{#r} 1-0

[Event "It (open) \"]
[Site "masterchessopen.com Obrenovac (Yugoslavia)"]
[Round "8"]
[White "Dimitrijevic Srdjan (SRB)"]
[Black "Andonov Bogomil (BUL)"]
[Result "1-0"]
[WhiteElo "2282"]
[BlackElo "2401"]

1.d4 e6 2.c4 Bb4+ 3.Nc3 Nf6 4.a3 Bxc3+ 5.bxc3 c5 6.e3 Nc6 7.Bd3 O-O 8.Ne2 b6
9.e4 Ne8 10.Be3 Ba6 11.Qa4 Qc8 12.O-O cxd4 13.cxd4 Na5 14.Rac1 Qb7 15.Rfd1 Rc8
16.Bd2 Nxc4 17.Bxc4 Rxc4 18.Rxc4 b5 19.Qa5 bxc4 20.Bb4 d6 21.e5 Qc6 22.Nc3 f6
23.d5 exd5 24.Nxd5 Kh8 25.Ne7 Qb7 26.exd6 c3 27.Qc5 {#r} 1-0

[Event "It (open)"]
[Site "masterchessopen.com Selestat (France)"]
[Round "4"]
[White "Stoehrer Philip (GER)"]
[Black "Komarov Dimitri (UKR)"]
[Result "0-1"]
[WhiteElo "1996"]
[BlackElo "2540"]

1.d4 Nf6 2.c4 e6 3.Nc3 Bb4 4.e3 O-O 5.a3 Bxc3+ 6.bxc3 c5 7.Bd3 Nc6 8.Ne2 b6
9.Ng3 Ba6 10.O-O Rc8 11.e4 cxd4 12.cxd4 Nxd4 13.e5 Ne8 14.Qh5 f5 15.exf6 Nxf6
16.Qh4 Nb3 17.Bb2 Nxa1 18.Bxa1 h6 19.Ne4 d5 20.Nxf6+ Rxf6 21.Rd1 Qf8 22.g4
dxc4 23.Bxf6 cxd3 24.Be7 Qf3 25.Rd2 {#R} 0-1

[Event "Bayern Landesliga North 2005/06"]
[Site "masterchessopen.com Bayern (Germany)"]
[Date "2006.02.19"]
[Round "7"]
[White "Rink Christian (GER)"]
[Black "Weigel Robert Dr (GER)"]
[Result "0-1"]
[WhiteElo "2140"]
[BlackElo "2233"]

1.d4 Nf6 2.c4 e6 3.Nc3 Bb4 4.e3 c5 5.a3 Bxc3+ 6.bxc3 O-O 7.Bd3 Nc6 8.Ne2 d6
9.O-O e5 10.e4 Re8 11.d5 Ne7 12.f3 Kh8 13.Ra2 Nfg8 14.f4 exf4 15.Nxf4 Nf6
16.h3 Nd7 17.Raf2 Ne5 18.Nh5 N7g6 19.Bc2 Rg8 20.Rf5 Bxf5 21.exf5 Nf8 22.Qe1
Nfd7 23.f6 g6 24.Qe4 Qf8 25.Bg5 h6 26.Bc1 Kh7 27.Rf4 Rh8 28.Ng7 Nxf6 29.Rxf6
Kxg7 30.Rf1 Qe7 31.Ba4 Rad8 32.Bf4 f6 33.Bc2 Qf7 34.Bxe5 dxe5 35.Rb1 b6 36.a4
Rhe8 37.a5 f5 38.Qe1 Rd6 39.axb6 axb6 40.Ra1 Qe7 41.Ra6 Kf6 42.Qa1 e4 43.Ra7
Qe5 44.Qe1 Qf4 45.g3 Qe5 46.Qe3 g5 47.h4 f4 48.Qe2 f3 49.Qh2 g4 {#R} 0-1

[Event "Ch Mittelfranken (HT)"]
[Site "masterchessopen.com Postbauer (Germany)"]
[Date "2006.04.12"]
[Round "3"]
[White "Vennemann Juergen (GER)"]
[Black "Vogiatzis Joannis (GRE)"]
[Result "0-1"]
[WhiteElo "1883"]
[BlackElo "2023"]

1.d4 Nf6 2.c4 e6 3.Nc3 Bb4 4.a3 Bxc3+ 5.bxc3 c5 6.e3 O-O 7.Bd3 Nc6 8.Ne2 b6
9.e4 d6 10.O-O Qe7 11.f4 Ba6 12.e5 Nd7 13.Be4 Rac8 14.Qd3 g6 15.f5 exf5
16.Bxc6 Rxc6 17.Bh6 Re8 18.Rae1 Qh4 19.Qd2 Qd8 20.d5 Rc8 21.exd6 Ne5 22.Bf4
Nxc4 23.Qc1 Nxd6 24.Rf2 Ne4 25.Rf3 Qxd5 26.Rd1 Qe6 27.Ng3 Rcd8 28.Nxe4 Rxd1+
29.Qxd1 Qxe4 30.Bg3 Be2 {#R} 0-1

[Event "It (cat.7)"]
[Site "masterchessopen.com Budapest (Hungary)"]
[Date "2006.06.04"]
[Round "1"]
[White "Gonda Laszlo (HUN)"]
[Black "Ilincic Zlatko (SRB)"]
[Result "1-0"]
[WhiteElo "2495"]
[BlackElo "2451"]

1.d4 Nf6 2.c4 e6 3.Nc3 Bb4 4.e3 O-O 5.a3 Bxc3+ 6.bxc3 c5 7.Bd3 Nc6 8.Ne2 b6
9.e4 e5 10.O-O h6 11.f4 d6 12.d5 Na5 13.fxe5 dxe5 14.Ng3 Ne8 15.Ra2 Nd6 16.Qh5
f6 17.Bxh6 Qe8 18.Bxg7 Kxg7 19.Qh4 Qd8 20.Nh5+ Kg6 21.Qg3+ Kxh5 22.Qg7 {#r}
1-0

[Event "It \"]
[Site "masterchessopen.com Philadelphia (USA)"]
[Date "2006.07.01"]
[Round "4"]
[White "Weser Adam (USA)"]
[Black "Friedman Josef (USA)"]
[Result "0-1"]
[WhiteElo "2100"]
[BlackElo "2201"]

1.d4 Nf6 2.c4 e6 3.Nc3 Bb4 4.a3 Bxc3+ 5.bxc3 c5 6.e3 Nc6 7.Bd3 O-O 8.Ne2 b6
9.O-O Ba6 10.f4 Na5 11.e4 Ne8 12.Ng3 Bxc4 13.Bxc4 Nxc4 14.f5 f6 15.Nh5 Kh8
16.Qg4 e5 17.d5 Kg8 18.Rf3 Kf7 19.Rh3 Rh8 20.Ra2 Qe7 21.Rf2 Qf8 22.Rff3 b5
23.Rfg3 a5 24.a4 bxa4 25.Qe2 Ncd6 26.Ba3 Rb8 27.Qg4 Rb1+ 28.Kf2 Nc4 29.Qe2
Nxa3 30.c4 g6 31.Rxa3 gxh5 32.Qxh5+ Ke7 33.Rxa4 Rb2+ 34.Kg1 Nd6 35.Rxa5 Rb1+
36.Kf2 Nxe4+ {#R} 0-1

[Event "Ch China (w)"]
[Site "masterchessopen.com Wuxi (China)"]
[Date "2006.07.04"]
[Round "9"]
[White "Li Ruofan (SIN)"]
[Black "Kuang Yinghui (CHN)"]
[Result "1-0"]
[WhiteElo "2391"]
[BlackElo "2303"]

1.d4 Nf6 2.c4 e6 3.Nc3 Bb4 4.e3 c5 5.a3 Bxc3+ 6.bxc3 O-O 7.Bd3 Nc6 8.Ne2 e5
9.O-O d6 10.e4 Nd7 11.Be3 b6 12.d5 Na5 13.Ng3 Nf6 14.f3 Bd7 15.a4 Rb8 16.Nf5
Bxf5 17.exf5 Nd7 18.g4 Re8 19.g5 f6 20.h4 Qe7 21.Ra2 e4 22.Bxe4 Nxc4 23.Bc1
Nf8 24.Re2 Qd8 25.Rg2 Ne5 26.gxf6 Qxf6 27.Bg5 Qf7 28.Bh6 g6 29.h5 Kh8 30.fxg6
hxg6 31.f4 Ng4 32.Qxg4 Rxe4 33.hxg6 Nxg6 {#r} 1-0

[Event "It (cat.2)"]
[Site "masterchessopen.com Budapest (Hungary)"]
[Date "2006.07.10"]
[Round "10"]
[White "Dean Jim H (USA)"]
[Black "Kjartansson Gudmundur (ISL)"]
[Result "0-1"]
[WhiteElo "2251"]
[BlackElo "2246"]

1.d4 Nf6 2.c4 e6 3.Nc3 Bb4 4.e3 c5 5.a3 Bxc3+ 6.bxc3 Nc6 7.Bd3 O-O 8.Ne2 b6
9.e4 Ne8 10.Be3 Ba6 11.Ng3 Na5 12.Qe2 Rc8 13.Rc1 Nd6 14.e5 cxd4 15.Bxd4 Nf5
16.Qg4 Nxd4 17.Nh5 Nf5 18.Bxf5 g6 19.Nf6+ Kg7 20.Be4 Nxc4 21.f4 d5 22.Bd3 d4
23.O-O dxc3 24.Rf3 Rh8 25.Qh4 Qd4+ 26.Kh1 Nxe5 27.Nh5+ gxh5 28.Qg5+ Ng6
29.Bxa6 Qd2 {#R} 0-1

[Event "It (open)"]
[Site "masterchessopen.com Badalona (Spain)"]
[Round "6"]
[White "Moskalenko Viktor (UKR)"]
[Black "Lettieri Giuseppe (ITA)"]
[Result "1-0"]
[WhiteElo "2543"]
[BlackElo "2306"]

1.d4 Nf6 2.c4 e6 3.Nc3 Bb4 4.a3 Bxc3+ 5.bxc3 c5 6.e3 O-O 7.Bd3 Nc6 8.Ne2 b6
9.e4 Ne8 10.O-O Ba6 11.f4 f5 12.d5 Na5 13.e5 Bxc4 14.Bxc4 Nxc4 15.d6 b5 16.a4
a6 17.Qd3 Rb8 18.axb5 axb5 19.Be3 Qb6 20.Ra2 g5 21.Rfa1 gxf4 22.Bxf4 Qc6
23.Ra7 Kh8 24.Qf3 Qxf3 25.gxf3 Nexd6 26.exd6 e5 27.Bg3 b4 28.cxb4 f4 29.Bh4
cxb4 30.Rxd7 b3 31.Raa7 Rg8+ 32.Kf2 Rg6 33.Rxh7+ Kg8 34.d7 b2 35.Re7 Nd6
36.Rb7 Nxb7 37.Re8+ Kf7 38.Rxb8 b1=Q 39.d8=Q Nxd8 40.Rxb1 Nc6 41.Rb6 Rh6
42.Kf1 Rxh4 43.Rxc6 e4 44.Rc4 Rh3 45.Rxe4 Rxf3+ 46.Kg2 {#r} 1-0

[Event "It \"]
[Site "masterchessopen.com Chicago (USA)"]
[Date "2006.08.08"]
[Round "4"]
[White "Kaidanov Gregory S (USA)"]
[Black "Harmon Clark (USA)"]
[Result "1-0"]
[WhiteElo "2595"]
[BlackElo "2187"]

1.d4 Nf6 2.c4 e6 3.Nc3 Bb4 4.e3 c5 5.a3 Bxc3+ 6.bxc3 Nc6 7.Bd3 O-O 8.Ne2 d6
9.e4 Ne8 10.O-O f5 11.exf5 exf5 12.Be3 b6 13.Re1 Bd7 14.Nf4 Nc7 15.Qh5 Qf6
16.Nd5 Nxd5 17.cxd5 Na5 18.Bg5 Qf7 19.Qxf7+ Rxf7 20.dxc5 dxc5 21.d6 h6 22.Be7
g5 23.h3 Kg7 24.Be2 Kg6 25.Bf3 Re8 26.Rad1 Rh7 27.Bd5 Rhh8 28.Be6 Bxe6
29.Rxe6+ Kf7 30.Rf6+ Kg7 31.Rxf5 Nc6 32.Bf6+ Kg6 33.g4 Rhf8 34.d7 {#r} 1-0

[Event "Ch France"]
[Site "masterchessopen.com Besancon (France)"]
[Date "2006.08.19"]
[Round "6"]
[White "Vaisser Anatoly (FRA)"]
[Black "Lautier Joel (FRA)"]
[Result "0-1"]
[WhiteElo "2553"]
[BlackElo "2656"]

1.d4 Nf6 2.c4 e6 3.Nc3 Bb4 4.e3 O-O 5.a3 Bxc3+ 6.bxc3 c5 7.Bd3 Nc6 8.Ne2 b6
9.e4 Ne8 10.O-O Ba6 11.f4 f6 12.f5 Nd6 13.fxe6 dxe6 14.Nf4 Qc8 15.e5 fxe5
16.dxe5 Nxe5 17.Bxh7+ Kxh7 18.Qxd6 Nxc4 19.Qd3+ Kg8 20.Re1 Rf6 21.Qg3 Qd7
22.h4 Qd6 23.Nh5 Qxg3 24.Nxg3 Raf8 25.Bg5 Rg6 26.Rad1 Bb5 27.Re4 a6 28.Rde1
Nxa3 29.Nh5 e5 30.Rxe5 Nc4 31.Re7 a5 32.Ra7 Rf7 33.Rxf7 Kxf7 34.Re7+ Kg8
35.Ra7 a4 36.Ra8+ Kh7 37.Ra7 Bc6 38.Rc7 a3 39.Nf6+ Rxf6 40.Bxf6 Kg6 41.Bxg7 {
?! } ( 41.h5+ { !? } 41...Kxf6 42.Rxc6+ Kg5 43.Re6 Kxh5 44.Kf2 Kg5 45.Re1 Kf5
46.Kf3 Nd2+ 47.Ke3 Nb3 { } ) 41...Ba4 42.Re7 a2 43.h5+ Kxh5 44.Re1 Bc2 45.Ra1
Bb1 46.Kf2 Kg6 47.Bh8 Na5 48.c4 Nxc4 49.Ke2 Na5 { } {#R} 0-1

[Event "Ch Romania"]
[Site "masterchessopen.com Predeal (Romania)"]
[Date "2006.11.28"]
[Round "2"]
[White "Dobre Claudiu (ROM)"]
[Black "Cioara Andrei Nestor (ROM)"]
[Result "1-0"]
[WhiteElo "2237"]
[BlackElo "2419"]

1.d4 e6 2.c4 Nf6 3.Nc3 Bb4 4.a3 Bxc3+ 5.bxc3 c5 6.e3 O-O 7.Bd3 Nc6 8.Ne2 b6
9.Ng3 Ba6 10.e4 Ne8 11.Be3 Na5 12.Qe2 f6 13.f4 Nd6 14.dxc5 Ndxc4 15.Bf2 Qc7
16.cxb6 Nxb6 17.Bxb6 Qxc3+ 18.Kf2 axb6 19.Bxa6 b5 20.Bxb5 Nb3 21.Rab1 Rxa3
22.Qe3 Qc2+ 23.Be2 Rfa8 24.Rhd1 Nc5 25.Rbc1 {#r} 1-0

[Event "Ch Turkey (1/2 final)"]
[Site "masterchessopen.com Antalya (Turkey)"]
[Date "2006.12.21"]
[Round "5"]
[White "Kayaman Metin (TUR)"]
[Black "Afyoncu Omer (TUR)"]
[Result "1-0"]
[WhiteElo "1968"]
[BlackElo "2109"]

1.d4 Nf6 2.c4 e6 3.Nc3 Bb4 4.e3 O-O 5.Bd3 c5 6.a3 Bxc3+ 7.bxc3 Nc6 8.Ne2 d5
9.O-O Re8 10.f3 cxd4 11.cxd4 e5 12.cxd5 Qxd5 13.e4 Qd6 14.d5 Ne7 15.Be3 Nd7
16.Nc3 a6 17.Qa4 Rb8 18.Rfc1 b6 19.Na2 Bb7 20.Qb4 Qf6 21.Rc7 Red8 22.Rac1 Bxd5
23.exd5 Nxd5 24.Qe4 Nxc7 25.Qxh7+ Kf8 26.Rxc7 Qd6 27.Qh8+ Ke7 28.Bg5+ Ke6
29.Qh3+ {#r} 1-0

[Event "Ch France (team) 2007"]
[Site "masterchessopen.com France"]
[Round "8"]
[White "Georgiev Vladimir (MKD)"]
[Black "Fontaine Robert (FRA)"]
[Result "1-0"]
[WhiteElo "2576"]
[BlackElo "2562"]

{ } 1.d4 Nf6 2.c4 e6 3.Nc3 Bb4 4.e3 O-O 5.a3 Bxc3+ 6.bxc3 c5 7.Bd3 Nc6 8.Ne2 {
= } 8...Ne8 9.O-O { N } ( 9.Qc2 Nf6 { +0.68 CAP } ( 9...f5 10.g4 Qh4 11.gxf5
exf5 12.Bd2 Nd6 13.O-O-O b6 14.Ng3 Ba6 15.Rhg1 Na5 16.dxc5 bxc5 17.Qa4 Qd8
18.e4 Bxc4 19.Bxc4+ Ndxc4 20.Nxf5 Rxf5 21.exf5 Qb6 22.Kc2 Nb2 23.Rxg7+ Kxg7
24.Rg1+ Kh8 25.Qe4 Qb3+ 26.Kc1 Nc6 27.Rg3 Qd1+ { 0-1, Gofshtein Zvulon 2550 -
Tompa Janos 2408 , Iraklion 1992 It (open) } ) ) ( 9.e4 f5 10.exf5 exf5 11.O-O
d6 12.Qc2 g6 13.Re1 Qf6 14.Be3 b6 15.Nf4 cxd4 16.Nd5 Qg7 17.Bg5 Nc7 18.Ne7+
Nxe7 19.Rxe7 Rf7 20.Rae1 Be6 21.Rxc7 Rxc7 22.Rxe6 dxc3 23.Bf4 Re7 24.Rxe7 Qxe7
25.Qxc3 Rc8 26.Qb4 Rc5 27.h3 Qf6 28.Qb3 Kf8 { ...1/2-1/2, Mourot Clara -
Pottier Alexandre, France 2000 Ch France (team) (juniors) 2000/01 } ) 9...b6
10.e4 { +0.26 CAP } 10...f6 { N } ( 10...Ba6 11.f4 f5 12.d5 exd5 13.cxd5 Bxd3
14.Qxd3 fxe4 15.Qxe4 Nd6 16.Qd3 Na5 17.f5 Qf6 18.Rb1 Rae8 19.Ng3 Nb3 20.Qf3
Nxc1 21.Rbxc1 Re5 22.Qf4 Nxf5 23.Ne4 Qe7 24.d6 Qe8 25.Rce1 Nh6 26.Qxf8+ Qxf8
27.Rxf8+ Kxf8 28.Rf1+ Nf7 29.Nd2 Ke8 30.Rd1 { ...0-1, Radjabov Teimour 2729 -
Leko Peter 2749 , Monte Carlo 29. 3.2007 It "Amber" (active) } ) 11.Be3 d6
12.d5 Ne5 13.f4 Ng4 14.Bc1 f5 15.dxe6 fxe4 { ?! } ( 15...Bxe6 { !? } 16.exf5
Bxf5 17.Bxf5 Rxf5 18.h3 Nh6 19.Ng3 Rf8 20.Be3 Nf6 21.Qd3 { } ) 16.Bxe4 Bxe6
17.Qd3 Ngf6 18.Bxa8 Qxa8 19.Ng3 d5 20.Qf3 Bg4 21.Qd3 dxc4 22.Qxc4+ Kh8 23.f5
Nd6 24.Qf4 Qd5 25.h3 Bd1 26.Ra2 Nc4 27.Rd2 Nxd2 28.Rxd1 Re8 29.Qxd2 Qe5 30.Qd3
c4 31.Qf3 h6 32.Kh1 Qc5 33.Kh2 b5 34.Qf4 Nd5 35.Qd4 Qxd4 36.Rxd4 Nxc3 37.Rd7
Na2 38.Bf4 Nc3 39.Bxh6 { ?? } ( 39.Nh5 Ne4 40.Rxg7 Rf8 41.Be5 Rxf5 42.Rg5+
Rxe5 43.Rxe5 Nd6 44.Re6 Nf7 45.Rg6 { } ) {#r} 1-0

[Event "It \"]
[Site "masterchessopen.com Neuhausen (Germany)"]
[Date "2007.06.07"]
[Round "4"]
[White "Georgiev Vladimir (MKD)"]
[Black "Kraemer Martin (GER)"]
[Result "1-0"]
[WhiteElo "2576"]
[BlackElo "2436"]

{ } 1.d4 Nf6 2.c4 e6 3.Nc3 Bb4 4.e3 O-O 5.a3 Bxc3+ 6.bxc3 c5 7.Bd3 Nc6 8.Ne2
e5 { ? } ( 8...d6 9.e4 e5 10.O-O h6 11.d5 Ne7 12.f3 Ng6 13.Be3 Nh7 14.Qc2 b6
15.Kh1 Bd7 16.g3 Qc7 17.f4 exf4 18.gxf4 f5 19.Rg1 Nh4 20.e5 dxe5 21.fxe5 Ng5
22.Bxg5 hxg5 23.Rxg5 Nf3 24.Rg3 Nxe5 25.Rag1 Rf7 26.Nf4 Nxd3 27.Nh5 Ne5
28.Rxg7+ { ...0-1, Beliavsky Alexander G 2631 - Nisipeanu Liviu-Dieter 2707 ,
Warsaw 1. 7.2005 Ch Europe } ) 9.O-O d6 10.Ng3 { = } 10...Re8 ( 10...Qe7 11.f3
h5 12.d5 h4 13.Nf5 Bxf5 14.Bxf5 Na5 15.Bd3 Nd7 16.e4 Nb6 17.Rb1 Rab8 18.Qe2
Na4 19.Bd2 a6 20.Bc2 Qd7 21.f4 b5 22.cxb5 axb5 23.fxe5 dxe5 24.Rf5 f6 25.Rh5
Nc4 26.Bxa4 Nxd2 27.Bxb5 Rxb5 28.Rxb5 Nxe4 29.Qxe4 Qxb5 30.h3 { ...1/2-1/2,
Averbakh Yuri L 2445 - Jager W, Vienna 1957 Ch Europe (team) } ) 11.d5 Ne7 (
11...Na5 12.e4 Nd7 13.Rb1 b6 14.Qe2 Nf8 15.Be3 Ng6 16.f3 Nf4 17.Bxf4 exf4
18.Nh1 Qf6 19.Rbc1 h5 20.Nf2 g6 21.Kh1 Kg7 22.Rg1 Bd7 23.g3 Re7 24.g4 hxg4
25.Nxg4 Bxg4 26.Rxg4 Rh8 27.Rc2 Re5 28.Qd2 Rh4 29.Rxh4 Qxh4 30.Qd1 Qf6 31.Rg2
{ ...0-1, Blasko Istvan 2221 - Szabo Zsolt Jozsef 2453 , Gyongyos 1999 It
(open) } ) 12.e4 ( 12.f4 exf4 13.exf4 Qa5 14.f5 b5 15.Bg5 Qxc3 16.Ne2 Qe5
17.Bf4 Qb2 18.Rb1 Qxa3 19.Ra1 Qb2 20.Rb1 Qa3 21.Ra1 Qb2 22.Rb1 { 1/2-1/2,
Polgar Zsuzsa 2510 - Krasenkow Michal 2530 , Lillafured 1989 It } ) ( 12.Qc2
Kh8 13.f4 exf4 14.exf4 Ng6 15.f5 Ne5 16.Bg5 Qc7 17.a4 b6 18.Rf4 Ba6 19.Be2
Ned7 20.Rh4 Re5 21.Bd3 Rae8 22.Qd2 Qb8 23.Rf1 Rg8 24.Rf3 Rge8 25.Qf4 Re1+
26.Nf1 Qd8 27.Rfh3 Nf8 28.Rg3 N8d7 29.Qf2 Qe7 30.Rxh7+ Kxh7 31.Rh3+ Kg8 {
...1-0, Jussupow Artur 2640 - Larsen Bent 2495 , Bad Homburg 1998 It (cat.14)
} ) ( 12.f3 Rf8 13.f4 exf4 14.exf4 Nd7 15.Qc2 h6 16.Rf3 f5 17.Bd2 g6 18.Re1
Kh8 19.Rfe3 Ng8 20.Nf1 Ndf6 21.Rg3 Kh7 22.h4 Bd7 23.Rge3 Ng4 24.Rh3 N8f6
25.Ne3 Nxe3 26.Rhxe3 Re8 27.Rxe8 Bxe8 28.Qd1 Bd7 29.Qe2 Kg7 30.g3 h5 31.Kg2
Qf8 { ...0-1, Anderson Anthony - Barreto Luiz N M 2314 , Mendoza 1985 Ch World
(team) (under 26) } ) 12...Ng6 13.f3 ( 13.f4 exf4 14.Bxf4 Ng4 15.Qd2 N4e5
16.Be2 Rf8 17.Nf5 Bxf5 18.exf5 Nxf4 19.Qxf4 Qf6 20.a4 Rae8 21.a5 Re7 22.Bd1 h6
23.Bb3 Rd8 24.Qg3 Nd7 25.Ba4 Ne5 26.Bb3 Rb8 27.Qf4 b6 28.a6 b5 29.cxb5 Rxb5
30.Qa4 Rb6 31.Bc4 Ng4 32.h3 Ne3 { ...0-1, Hubmann Guenter 2104 - Lehner Oliver
2408 , St. Veit 7.1999 It (open) "Karacsony" } ) 13...Nf4 { N } ( 13...h6
14.Ne2 ( 14.Be3 Nh7 15.Qd2 Nh4 16.f4 Ng6 17.f5 Ngf8 18.Ne2 Nf6 19.h3 N8h7
20.Rf3 Kh8 21.g4 Rg8 22.Ng3 Ne8 23.Kh2 Qh4 24.Nh1 Nef6 25.Rg3 Ng5 26.Qg2 h5
27.gxh5 Nfxe4 28.Bxg5 Nxg5 29.Rxg5 Qf4+ 30.Kg1 e4 31.Be2 Bxf5 32.Rf1 Qe3+
33.Nf2 { ...0-1, Blanco Cesar Augusto 2107 - Roldan Manzo Eddy R, Guatemala
City 1992 Ch Guatemala (mayor) (final 2) } ) ( 14.Re1 Qa5 15.Qb3 Bd7 16.a4
Rad8 17.Bd2 Qc7 18.a5 Rb8 19.Reb1 b6 20.axb6 Rxb6 21.Rxa7 Rxb3 22.Rxc7 Rxb1+
23.Bxb1 Rb8 24.Bd3 Rb2 25.Bc1 Rb3 26.Ne2 Kf8 27.Bc2 Rb6 28.Ra7 Rb8 29.g3 Bc8
30.Ba4 Bb7 31.Bb5 Ne7 32.Kf2 Ne8 33.h4 { ...1-0, Ballon Guenther Jan 2219 -
Westerkamp Bert 2143 , Les Dicqs 2002 It (open) } ) 14...Nh7 15.Be3 Bd7 16.Kh1
Nf6 17.Qe1 Nh5 18.g3 Rb8 19.a4 a5 20.Qf2 Nf6 21.Rg1 Kh8 22.Qg2 Qc8 23.Rgb1 Nh7
24.g4 Qd8 25.Qg3 Ng5 26.Kg2 Qf6 27.Rf1 Nh7 28.Kh1 b6 29.Bd2 Rb7 30.Bc2 Qe7
31.Rf2 Rf8 32.h3 Rd8 33.Rh2 { ...1-0, Manakova Maria 2345 - Peptan
Corina-Isabela 2460 , Niksic 1997 Ch Yugoslavia (team) (w) } ) 14.Bc2 g5
15.Be3 h6 16.Qd2 Rb8 17.Kh1 Kh8 18.Nf5 Bxf5 19.exf5 N4h5 20.Bxg5 { ?! } (
20.Rab1 { !? } 20...Qa5 21.a4 Kg7 22.Kg1 e4 23.fxe4 { } ) 20...hxg5 21.Qxg5
Ng7 22.Qh6+ Kg8 23.g4 Nh7 24.f6 Nxf6 25.g5 Nfh5 26.f4 exf4 27.Rae1 Re3 { ?? }
( 27...Re5 28.Bh7+ Kf8 29.Bf5 Kg8 30.Qh7+ Kf8 31.Qh6 Kg8 32.Qh7+ Kf8 33.Qh6
Kg8 34.Qh7+ Kf8 { } ) 28.Rxe3 fxe3 29.Bh7+ Kf8 30.Bg6 Qe8 31.Bxh5 e2 32.Bxe2
Kg8 33.Bd3 { +9.00 CAP } {#r} 1-0

[Event "Tournament (regional)"]
[Site "masterchessopen.com Vitoria (Brazil)"]
[Date "2007.06.07"]
[Round "2"]
[White "Abreu Guilherme (BRA)"]
[Black "Gazel Frederico (BRA)"]
[Result "0-1"]
[WhiteElo "2085"]
[BlackElo "2250"]

1.d4 Nf6 2.c4 e6 3.Nc3 Bb4 4.e3 O-O 5.Bd3 c5 6.a3 Bxc3+ 7.bxc3 Nc6 8.Ne2 b6
9.e4 Ne8 10.O-O Ba6 11.f4 f5 12.Ng3 g6 13.Be3 Nd6 14.Qa4 Na5 15.dxc5 Ndxc4
16.Bxc4 Bxc4 17.cxb6 axb6 18.Rfd1 b5 19.Qb4 Nb3 20.Rab1 d5 21.Rxb3 Ra4 22.Qxa4
bxa4 23.Rb6 e5 24.Rb4 Bb3 25.Rd2 Qc7 26.Ne2 fxe4 27.fxe5 Bc4 28.Bh6 Qa7+
29.Rd4 Bxe2 30.Bxf8 Kxf8 31.e6 Qc5 32.Rb7 Qxc3 33.e7+ Ke8 {#R} 0-1

[Event "It (open)"]
[Site "masterchessopen.com Utrecht (Netherlands)"]
[Date "2007.06.09"]
[Round "4"]
[White "Blok Michiel (NED)"]
[Black "Pliester Leon (NED)"]
[Result "0-1"]
[WhiteElo "2207"]
[BlackElo "2396"]

1.d4 Nf6 2.c4 e6 3.Nc3 Bb4 4.a3 Bxc3+ 5.bxc3 c5 6.e3 O-O 7.Bd3 Nc6 8.Ne2 b6
9.O-O Ba6 10.e4 Ne8 11.f4 f5 12.dxc5 bxc5 13.Ng3 g6 14.Be3 Qa5 15.exf5 gxf5
16.Rc1 Rf7 17.Be2 Rb8 18.Re1 Qb6 19.Bh5 Rg7 20.Nxf5 exf5 21.Qd5+ Kh8 22.Bxc5
Qb2 23.Bxe8 Ne7 24.Bxe7 Bb7 25.Rb1 Rxg2+ 26.Qxg2 Qxg2# 0-1

[Event "Ch Hamburg-Harburg (d)"]
[Site "masterchessopen.com Hamburg (Germany)"]
[Date "2007.07.06"]
[Round "1"]
[White "Voigt Detlev (GER)"]
[Black "Ma Beini (GER)"]
[Result "0-1"]
[WhiteElo "1914"]
[BlackElo "1953"]

1.d4 Nf6 2.c4 e6 3.Nc3 Bb4 4.a3 Bxc3+ 5.bxc3 c5 6.e3 O-O 7.Bd3 Nc6 8.Nf3 d6
9.O-O b6 10.e4 Re8 11.e5 dxe5 12.dxe5 Nd7 13.Bxh7+ Kxh7 14.Ng5+ Kg8 15.Qh5
Ncxe5 16.Bf4 Nf6 {#R} 0-1

[Event "It (cat.2) (b)"]
[Site "masterchessopen.com Budapest (Hungary)"]
[Date "2007.07.14"]
[Round "8"]
[White "Adams Nick A (USA)"]
[Black "Gauri Shankar (IND)"]
[Result "0-1"]
[WhiteElo "2220"]
[BlackElo "2251"]

1.d4 Nf6 2.c4 e6 3.Nc3 Bb4 4.a3 Bxc3+ 5.bxc3 c5 6.e3 O-O 7.Bd3 Nc6 8.Ne2 b6
9.e4 Ne8 10.Be3 d6 11.O-O Na5 12.Ng3 Ba6 13.Qe2 Rc8 14.dxc5 Nb3 15.Rad1 Nxc5
16.Bb1 Nd7 17.Qc2 Ne5 18.Rfe1 Qc7 19.c5 bxc5 20.f4 Nc4 21.Bc1 Bb7 22.Qe2 Na5
23.Qh5 g6 24.Qh6 f5 25.Ba2 c4 26.Be3 fxe4 27.Bxa7 d5 28.Ne2 Nd6 29.Rb1 Nf5
30.Qg5 Nb3 31.Bxb3 Ba6 32.Bd4 Nxd4 33.Nxd4 cxb3 34.Rxb3 Qxf4 35.Qxf4 Rxf4
36.Nxe6 Rf6 37.Nd4 Bc4 38.Rb4 Rcf8 39.h3 Rf1+ 40.Rxf1 Rxf1+ 41.Kh2 e3 42.Rb8+
Kg7 43.Re8 e2 44.Nf3 Ra1 45.Re3 Rxa3 46.Kg1 d4 47.Nxd4 {#R} 0-1

[Event "Olympiad (under 16)"]
[Site "masterchessopen.com Singapore"]
[Date "2007.08.11"]
[Round "9"]
[White "Pak Evgeniy (KAZ)"]
[Black "Prohaszka Peter (HUN)"]
[Result "0-1"]
[WhiteElo "2184"]
[BlackElo "2470"]

1.d4 Nf6 2.c4 e6 3.Nc3 Bb4 4.e3 O-O 5.a3 Bxc3+ 6.bxc3 c5 7.Bd3 Nc6 8.Ne2 b6
9.O-O Ba6 10.e4 Ne8 11.f4 f5 12.d5 exd5 13.cxd5 Bxd3 14.Qxd3 fxe4 15.Qxe4 Nd6
16.Qc2 Na5 17.f5 Qf6 18.Ng3 Rae8 19.Bd2 Nac4 20.Qd3 Nxd2 21.Qxd2 Re5 22.Rf4
Rfe8 23.Raf1 Ne4 24.Qd3 Nxg3 25.Qxg3 Rxd5 26.Qf3 Rd2 27.Re4 Rxe4 28.Qxe4 h6
29.h3 d5 30.Qe6+ Qxe6 31.fxe6 Re2 32.Rf7 Rxe6 33.Rxa7 Re3 34.Rb7 Rxc3 35.a4
Ra3 {#R} 0-1

[Event "It (open)"]
[Site "masterchessopen.com Abudhabi (United Arab Emirates)"]
[Date "2007.08.12"]
[Round "1"]
[White "Neverov Valeriy (UKR)"]
[Black "Swathi Ghate (IND)"]
[Result "1-0"]
[WhiteElo "2558"]
[BlackElo "2316"]

1.d4 Nf6 2.c4 e6 3.Nc3 Bb4 4.e3 O-O 5.a3 Bxc3+ 6.bxc3 c5 7.Bd3 Nc6 8.Ne2 b6
9.e4 d6 10.O-O Ba6 11.Bg5 h6 12.Bh4 g5 13.Bg3 e5 14.f4 Nh5 15.fxe5 dxe5 16.d5
Na5 17.Bxe5 f6 18.Bg3 Bxc4 19.Bxc4 Nxc4 20.Qd3 Ne5 21.Bxe5 fxe5 22.Qh3 Rxf1+
23.Rxf1 Qe8 24.Ng3 Nxg3 25.Qxg3 Qg6 26.Rf5 Re8 27.h4 g4 28.Rxe5 {#r} 1-0

[Event "It \"]
[Site "masterchessopen.com Peabody (USA)"]
[Date "2007.08.15"]
[Round "5"]
[White "Bick John D (USA)"]
[Black "Rensch Daniel (USA)"]
[Result "0-1"]
[WhiteElo "2223"]
[BlackElo "2334"]

1.d4 Nf6 2.c4 e6 3.Nc3 Bb4 4.e3 O-O 5.Bd3 c5 6.a3 Bxc3+ 7.bxc3 Nc6 8.Ne2 b6
9.e4 Ne8 10.O-O Ba6 11.f4 f5 12.e5 Na5 13.d5 d6 14.dxe6 Qe7 15.g4 fxg4 16.f5
dxe5 17.Ng3 Rd8 18.Ra2 Rxd3 19.Qxd3 Bxc4 20.Qb1 Bxf1 21.Nxf1 Nc4 22.Rg2 e4
23.Qxe4 Ncd6 24.Qxg4 Nxf5 25.Re2 Rf6 26.Ng3 Nxg3 27.hxg3 Rg6 28.Qh3 Nc7 29.Bf4
Nxe6 30.Qg2 h6 31.Qe4 Qf7 {#R} 0-1